Europe by Five Letters Quiz Stats

 Plays Quiz Updated Jun 5, 2017

Challenge
Share
Tweet
Score 0/47 Timer 05:00
21 Plays Today
% Correct
Russia
92.7%
Italy
92.3%
France
91.9%
Spain
91.6%
Portugal
91.2%
Germany
91%
United Kingdom
90.9%
Greece
90.2%
Turkey
89.2%
Ireland
89.2%
Norway
88.8%
Sweden
88.6%
Poland
87.3%
Iceland
87%
Ukraine
86%
Belgium
85.6%
Finland
85.5%
Denmark
84.3%
Netherlands
84.2%
Cyprus
82.7%
Switzerland
81.3%
Austria
78.9%
Luxembourg
77.9%
Belarus
77.3%
% Correct
Estonia
76.9%
Malta
76.5%
Andorra
76.4%
Romania
76.2%
Monaco
76.2%
Croatia
75.4%
Latvia
75%
Lithuania
74.9%
Czechia
73.1%
Hungary
71.4%
Slovakia
71.1%
Bosnia and Herzegovina
69.4%
Bulgaria
69.4%
Vatican City
69%
Albania
68.8%
Moldova
68.2%
Kosovo
67.7%
Slovenia
67%
Macedonia
66.4%
San Marino
65.7%
Montenegro
64.7%
Serbia
63.4%
Liechtenstein
58.8%

You're not logged in!

Compare scores with friends on all Sporcle quizzes.
OR
Log In

You Might Also Like...

Show Comments

Extras

Top Quizzes Today


Score Distribution

Your Account Isn't Verified!

In order to create a playlist on Sporcle, you need to verify the email address you used during registration. Go to your Sporcle Settings to finish the process.

Report this User

Report this user for behavior that violates our Community Guidelines.

Details: